000
00213 a2200097 4500
001
43703
100
_a
Weston
245
_a
A Mannal of good English
260
_a
London
_b
George newness
_c
090
_c
27481
_d
27481
942
_a
NUST-CAE
_c
M
_c
19426
999
_c
278776
_d
278776